000 00319nam a2200133Ia 4500
008 190216s9999||||xx |||||||||||||| ||und||
100 _aRajput. Bs And Yog Prakash
245 0 _aMathematical Physics
250 _a7th Ed.
260 _bPragathi Prakashan
_c1977
300 _a1385
650 _aPhysics
942 _cBK
999 _c32845
_d32845